000 00595nmm a2200241 a 4500
003 AR-BaBNM
005 20251128211513.0
008 134120s1999 ||||||||||||||000 | spa||
020 _a987-96162-9-4
040 _cAR-BaBNM
100 1 _aVettier, Adela
245 1 0 _aPuerto de aventura
260 _aBuenos Aires
_bHLR
_c1999
300 0 _a63 p.
_bil.
650 4 _aLITERATURA ARGENTINA
650 4 _aLITERATURA ARGENTINA
650 4 _aLIBROS PARA NINOS
653 _aNOVELA DE AVENTURAS
653 0 _aLITERATURA JUVENIL
655 _aLITERATURA
942 _cBK
998 _cEugenia
999 _c19935
_d19935